LEADER 01080nam a2200241 u 4500 001 000000050120 003 CaOOAMICUS 005 20070226115203.0 008 000724s1962 it af u000 u ita u 035 $a10852778 040 $aPUL(R)$bita 100 1 $aMosconi, Anacleto,$cO.F.M.$0(OLS)http://pul/name/15259 245 13$aIl deserto di Cuasso al Monte :$b(cenni storici) /$cAnacleto Mosconi. 260 $aMilano :$bEdizioni del comitato Croce Rossa Italiana,$c1962. 300 $a123 p., [8] p. di tav. :$bill. ;$c21 cm 504 $a"Bibliografia": p. 115-117. 610 24$aCarmelitani.$0(OLS)http://pul/subject/7906 651 4$aLombardia$xStoria ecclesiastica.$0(OLS)http://pul/subject/15296 850 $aPUL 852 $aPUL$W1$xDP1 Fondo Maccarrone$y58$m1517 E 47$j66491$nBK-PRI$b $qFondi$B66491$CPULBib$Z2$F66491 $H $81 941 1 $a1 996 $6245$aIl deserto di Cuasso al Monte :$b(cenni storici)$9(OLS)http://pul/title/67477 996 $6260$aMilano :$bEdizioni del comitato Croce Rossa Italiana$9(OLS)http://pul/publisher/67573 LEADER 01506nam a2200301 u 4500 001 000000053842 003 CaOOAMICUS 005 20070226115615.0 008 001122s1964 gw u000 u ger u 035 $a10862112 040 $aPUL(R)$bita 041 0 $ager$achi 100 1 $aForke, Alfred,$d1867-1944.$0(OLS)http://pul/name/38316 245 10$aGeschichte der mittelalterlichen chinesischen Philosophie /$cvon Alfred Forke. 250 $a2. unveränderte Aufl. 260 $aHamburg :$bCram, De Gruyter & Co.,$c1964. 300 $a410 p. ;$c29 cm 490 1 $aUniveristät Hamburg. Abhandlungen aus dem Gebiet der Auslandskunde. Bd. 41. Reihe Völkerkunde, Kulturgeschichte und Sprachen. Bd. 21. 500 $aInclude indici. 650 4$aFilosofia cinese.$0(OLS)http://pul/subject/14532 830 0$aAbhandlungen aus dem Gebiet der Auslandskunde (Universität Hamburg) ;$vBd. 41.$0(OLS)http://pul/title/72219 830 0$aAbhandlungen aus dem Gebiet der Auslandskunde (Universität Hamburg).$nReihe B,$pVölkerkunde, Kulturgeschichte und Sprachen ;$vBd. 21.$0(OLS)http://pul/title/72220 850 $aPUL 852 $aPUL$W1$xDP1 Fondo Giannini$y60$m1555 D 52$j70970$nBK-PRI$b $qFondi$B70970$CPULBib$Z2$F70970 $H $81 941 1 $a1 961 $aINV: Fondo Giannini 996 $6245$aGeschichte der mittelalterlichen chinesischen Philosophie$9(OLS)http://pul/title/72221 996 $6260$aHamburg :$bCram, De Gruyter & Co.$9(OLS)http://pul/publisher/68651